000 00557nam a2200193Ia 4500
003 GCL
008 140319s9999 xx 000 0 ara d
040 _aGCL /
_cGCL
082 0 4 _a910.03
_bى ج
100 1 _aيسرى الجوهرى
245 1 0 _aالجغرافيا الحضارية /
_cيسرى الجوهرى
300 _a757 ص
490 _a
650 0 4 _aالجغرافيا الطبيعية
650 0 4 _aالجغرافيا التاريخية
650 0 4 _aالجغرافيا
650 0 4 _aالجغرافيا البشرية
942 _2ddc
_cBK
999 _c41464
_d41464